| 000 | 00690nam a2200229Ia 4500 | ||
|---|---|---|---|
| 003 | BUBTL | ||
| 008 | 151213s9999 xx 000 0 und d | ||
| 020 | _a0-471-07323-7 | ||
| 082 | _a658.404/MEP | ||
| 100 |
_aMeridith,Jack R. Samuel J. Mantel _92755 |
||
| 245 |
_aProject Management _cJack .R. Meridith, Samuel J. Mantel |
||
| 250 | _a5th | ||
| 260 |
_aNew York _bJohn Wiley & Sons _c2003 |
||
| 300 |
_axiv,690p.: _bTable,Grap;23cm. _cManagement |
||
| 500 | _aIncludes Index | ||
| 650 |
_aManagement _92756 |
||
| 650 |
_aManagement _92756 |
||
| 700 |
_aJack .R. Meridith, Samuel J. Mantel _92757 |
||
| 856 |
_k0 _l0 _yDownload |
||
| 942 |
_2ddc _cBK |
||
| 999 |
_c3385 _d3385 |
||